Pokémon - Quiz général #14 - Statistiques

Statistiques générales
  • Ce quiz a été pris 46 fois
  • Le résultat moyen est 6 sur 10
Statistiques - réponses
Question Réponse % Correct
Lequel de ces Pokémon appartient à la cinquième génération ?
88%
Qui est le Maître de la Ligue de Kalos ? Dianthéa
83%
Auquel de ces monts peut-on affronter Red en deuxième génération ? Le Mont Argenté
83%
Quel deuxième type gagne Scarabrute en méga-évoluant ? Vol
70%
En première génération, l'attaque Météores pouvait toucher l'ennemi pendant le tour de chargement de l'attaque Vol Vrai
70%
Laquelle de ces propositions est fausse concernant Baudrive ? il évolue au niveau 26
53%
Dans l'animé, quel est la dernière "arène" que Sacha affronte lors du tournoi extrême ? La Pyramide Extrême
45%
Quel Pokémon possède cette description : « Sa fourrure duveteuse est très agréable à caresser, mais ceux qui la touchent sans prévenir s'exposent à une correction brutale.» ? Nounourson
40%
Combien de starters commencent par la lettre O ? 4
18%
Où récupère-t-on l'orbe platiné dans Pokémon Platine, permettant à Giratina de passer sous sa Forme Originelle ? Le Monde Distorsion
15%
Aucun quiz correspondant
Distribution des résultats
% des personnes avec chaque résultat
Percentile par nombre de réponses
Votre historique - résultats
Vous n’avez pas pris ce quiz